000 01590nam a2200229Ia 4500
003 Ost
005 20260507075156.0
008 260507s9999||||xx |||||||||||||| ||und||
020 _a9068410977
040 _cfsecg
041 _aara
082 _a330
100 _aالسجاعي، محمود محمود
_eمؤلف
245 0 _aالمحاسبة في شركات التأمين والبنوك التجارية :
_bتأصيل علمي-تطبيق عملي /
_c محمود محمود السجاعي
260 _aالقاهرة:
_bالمكتبة العصرية,
_c2007
300 _a808 صفحة؛
_bإيضاحات ؛
_c24 سم
520 _aالتامين :-الاسس الفنية والادارية والمحاسبية-المحاسبة عن عمليات تأمينات الحياة وتكوين الأموال-المحاسبة عن عمليات التأمينات العامة-القوائم المالية في المنشآت التأمين-تقييم أداء منشآت التأمين-اطار فكرى مقترح. البنوك :-النظام المحاسبي في البنوك التجارية-تسجيل أهم العمليات المصرفية في الدفاتر والسجلات-إجراءات محاسبة التكاليف في البنوك التجارية-المحاسبة الادارية في البنوك التجارية-حوكمة البنوك-القوائم المالية في البنوك التجارية-البنوك الإسلامية
653 _aبنوك تجارية
653 _aشركات التامين
653 _aمحاسبة
942 _cكتاب
999 _c43370
_d43370